Calls for government assistance for organic farming (Record no. 65924)

MARC details
000 -LEADER
fixed length control field 00850cam a2200193 4500
001 - CONTROL NUMBER
control field WB3705-36
008 - FIXED-LENGTH DATA ELEMENTS--GENERAL INFORMATION
fixed length control field 000000n2001 000 0 eng u
035 ## - SYSTEM CONTROL NUMBER
System control number (Sirsi) u110627
245 ## - TITLE STATEMENT
Title Calls for government assistance for organic farming
260 ## - PUBLICATION, DISTRIBUTION, ETC.
Date of publication, distribution, etc. 2001
490 ## - SERIES STATEMENT
Series statement Western Mail
Volume/sequential designation 26 January 2001, 13(2)
520 ## - SUMMARY, ETC.
Summary, etc. In 1997 the UK organic foods market was worth £40m. In 2001 this figure is predicted to rise to £764m. Clearly, the demand for organic food is rising and this new business offers a ray of hope for Britain's crises-plagued farmers. However, there are concerns that government needs to play a more positive role in expanding the production of organic food.
590 ## - LOCAL NOTE (RLIN)
Local note WB
650 ## - SUBJECT ADDED ENTRY--TOPICAL TERM
Topical term or geographic name entry element ORGANIC FARMING
650 ## - SUBJECT ADDED ENTRY--TOPICAL TERM
Topical term or geographic name entry element ORGANIC FARMING SCHEME
650 ## - SUBJECT ADDED ENTRY--TOPICAL TERM
Topical term or geographic name entry element GOVERNMENT POLICY
690 ## - LOCAL SUBJECT ADDED ENTRY--TOPICAL TERM (OCLC, RLIN)
Topical term or geographic name as entry element Rural
9 (RLIN) 6268
942 ## - ADDED ENTRY ELEMENTS (KOHA)
Suppress in OPAC 0
Holdings
Withdrawn status Lost status Source of classification or shelving scheme Damaged status Not for loan Home library Current library Shelving location Date acquired Total Checkouts Full call number Barcode Date last seen Copy number Price effective from Koha item type
    Dewey Decimal Classification     London London News article 30/01/2001   WB3705-36 110627-1001 06/08/2019 1 06/08/2019 News article